000 00472nam a2200145 a 4500
001 000007105
005 20200929154052.0
008 090904s1992 dr 001 0 spa d
040 _aDO-SdBNP
_bspa
_cBNPHU
100 1 _aMejía, Marco Raúl
_919717
245 1 0 _aEducación popular :
_bhistoria, actualidad, proyecciones /
_cMarco Raúl Mejía.
260 _aSanto Domingo :
_bCentro Cultural POVEDA,
_c1992.
300 _a121 p. ;
_c22 cm.
504 _aBibliografía: p. 119-121
999 _c6886
_d6886